The process of parenting / (Record no. 344333)

000 -LEADER
fixed length control field 01469 a2200205 4500
020 ## - INTERNATIONAL STANDARD BOOK NUMBER
International Standard Book Number 007282669X
020 ## - INTERNATIONAL STANDARD BOOK NUMBER
International Standard Book Number 9780072826692
082 04 - DEWEY DECIMAL CLASSIFICATION NUMBER
Classification number 649.1
090 ## - LOCALLY ASSIGNED LC-TYPE CALL NUMBER (OCLC); LOCAL CALL NUMBER (RLIN)
-- 1822
-- 1822
100 1# - MAIN ENTRY--PERSONAL NAME
Personal name Brooks, Jane B.
245 14 - TITLE STATEMENT
Title The process of parenting /
Statement of responsibility, etc. Jane B. Brooks.
250 ## - EDITION STATEMENT
Edition statement 6th ed.
260 ## - PUBLICATION, DISTRIBUTION, ETC.
Place of publication, distribution, etc. [S.l.] :
Name of publisher, distributor, etc. McGraw-Hill Humanities/Social Sciences/Languages,
Date of publication, distribution, etc. 2003.
300 ## - PHYSICAL DESCRIPTION
Extent 478 p. ;
Dimensions 24 cm.
500 ## - GENERAL NOTE
General note Paperback.
520 ## - SUMMARY, ETC.
Summary, etc. "The Process of Parenting" is a comprehensive introduction to parenting that describes the many ways parents and caregivers can translate their love and concern for children into effective parenting behavior. With a strong emphasis on the developmental process and on the changing nature of parent-children relationships over time, the book presents a wide range of theories and research with a focus on real-life applications. Because parents and children are distinct individuals, a problem-solving approach is emphasized that can help parents arrive at solutions that fit them, their children, and their life circumstances. Two basic tasks of parenting are emphasized as ultimate ends: creating close emotional relationships with children and supporting the development of children's full potential.
856 40 - ELECTRONIC LOCATION AND ACCESS
Materials specified Amazon.com
Uniform Resource Identifier <a href="http://www.amazon.com/exec/obidos/ASIN/007282669X/chopaconline-20">http://www.amazon.com/exec/obidos/ASIN/007282669X/chopaconline-20</a>
856 40 - ELECTRONIC LOCATION AND ACCESS
Materials specified Amazon customer reviews
Uniform Resource Identifier <a href="http://www.chopac.org/cgi-bin/tools/azrev.pl?q=007282669X">http://www.chopac.org/cgi-bin/tools/azrev.pl?q=007282669X</a>
942 ## - ADDED ENTRY ELEMENTS (KOHA)
Institution code [OBSOLETE] NBS
Koha item type Book
Call number prefix 649.1 BRO
Holdings
Withdrawn status Lost status Damaged status Not for loan Permanent Location Current Location Date acquired Total Checkouts Full call number Barcode Date last seen Price effective from Koha item type
        Central Library (CL) Central Library (CL) 08/28/2013   649.1 BRO NBSD-761 08/28/2013 08/28/2013 Book
© 2023 Central Library, National University of Sciences and Technology. All Rights Reserved.